MARC details
| 000 -CABECERA |
| campo de control de longitud fija |
02710nam a2200289 i 4500 |
| 003 - IDENTIFICADOR DEL NÚMERO DE CONTROL |
| campo de control |
DO-SdBNP |
| 005 - FECHA Y HORA DE LA ÚLTIMA TRANSACCIÓN |
| campo de control |
20250207101102.0 |
| 007 - CAMPO FIJO DE DESCRIPCIÓN FÍSICA--INFORMACIÓN GENERAL |
| campo de control de longitud fija |
ta |
| 008 - DATOS DE LONGITUD FIJA--INFORMACIÓN GENERAL |
| campo de control de longitud fija |
240612s2024 dr ao 000 j spa d |
| 020 ## - NÚMERO INTERNACIONAL ESTÁNDAR DEL LIBRO |
| Número Internacional Estándar del Libro |
9789945943504 |
| 040 ## - FUENTE DE LA CATALOGACIÓN |
| Centro catalogador/agencia de origen |
DO-SdBNP |
| Lengua de catalogación |
spa |
| Centro/agencia transcriptor |
BNPHU |
| Normas de descripción |
rda |
| 082 ## - NÚMERO DE LA CLASIFICACIÓN DECIMAL DEWEY |
| Número de documento/Ítem |
G633g |
| Número de edición |
22 |
| 100 1# - ENTRADA PRINCIPAL--NOMBRE DE PERSONA |
| Nombre de persona |
Tejera, Eduardo J |
| Numeración |
1947- |
| Término indicativo de función/relación |
autora |
| 9 (RLIN) |
10749 |
| 245 10 - MENCIÓN DE TÍTULO |
| Título |
Guía odontológica forense / |
| Mención de responsabilidad, etc. |
Lourdes Ysabel Gómez Jiménez ; prólogo Sergio Sarita Valdez |
| 264 #1 - PRODUCCIÓN, PUBLICACIÓN, DISTRIBUCIÓN, FABRICACIÓN Y COPYRIGHT |
| Producción, publicación, distribución, fabricación y copyright |
Santo Domingo : |
| Nombre del de productor, editor, distribuidor, fabricante |
Soto Castillo, |
| Fecha de producción, publicación, distribución, fabricación o copyright |
2024. |
| 300 ## - DESCRIPCIÓN FÍSICA |
| Extensión |
287 páginas, |
| Otras características físicas |
ilustraciones, fotografías |
| Dimensiones |
23 cm. |
| 336 ## - TIPO DE CONTENIDO |
| Fuente |
rdacontent |
| Término de tipo de contenido |
texto |
| Código de tipo de contenido |
txt |
| 337 ## - TIPO DE MEDIO |
| Fuente |
rdamedia |
| Nombre/término del tipo de medio |
sin mediación |
| Código del tipo de medio |
n |
| 338 ## - TIPO DE SOPORTE |
| Fuente |
rdacarrier |
| Nombre/término del tipo de soporte |
volumen |
| Código del tipo de soporte |
nc |
| 504 ## - NOTA DE BIBLIOGRAFÍA, ETC. |
| Nota de bibliografía, etc. |
Bibliografía p: 277-287. |
| 505 2# - NOTA DE CONTENIDO CON FORMATO |
| Título |
Agradecimientos -- |
| -- |
Prólogo -- |
| -- |
Prefacio -- |
| -- |
Introducción -- |
| -- |
Especialidades en odontología -- |
| -- |
Breve historia de la odontología forense -- |
| -- |
Historia de la odontología forense en República Dominicana -- |
| -- |
Fenómenos cadavéricos -- |
| -- |
Principios básicos en odontología -- |
| -- |
Estructuras del sistema estomatognático -- |
| -- |
Tipos de dentición -- |
| -- |
Nomenclatura dental -- |
| -- |
Trastornos del desarrollo del diente en corona y raíces hereditario y adquirido -- |
| -- |
Formaciones anatómicas bucales que pueden confundirse con alteraciones patológicas -- |
| -- |
Malformaciones congénitas más comunes en autopsia bucal -- |
| -- |
Valoración de lesiones odontológicas en clínica forense -- |
| -- |
Clasificación de lesiones traumáticas Dento-maxilofaciales -- |
| -- |
Lesiones frecuentes en odontología forense -- |
| -- |
Manual de autopsia bucal -- |
| -- |
Carta dental -- |
| -- |
Identificación a través de la dentadura -- |
| -- |
Trabajos dentales existentes más comunes en cavidad bucal observados en momento de la autopsia -- |
| -- |
Radiología bucodental -- |
| -- |
Huellas de mordedura humana -- |
| -- |
Evidencias de marcas de mordedura -- |
| -- |
Maltrato infantil -- |
| -- |
Estimación de edad -- |
| -- |
Actuación del odontólogo en casos de desastres -- |
| -- |
Antropología dental -- |
| -- |
Breve historia de la morfología dental -- |
| -- |
ADN en los dientes -- |
| -- |
Responsabilidad profesional -- |
| -- |
Código deontológico en República Dominicana -- |
| -- |
El perito odontólogo -- |
| -- |
Informe pericial -- |
| -- |
Leyes dominicanas de interés -- |
| -- |
Recomendaciones -- |
| -- |
Conclusión -- |
| -- |
Referencias bibliográficas -- |
| 520 ## - SUMARIO, ETC. |
| Sumario, etc. |
La guía odontológica forense está enfocada en proporcionar orientación y apoyo en el campo de la odontología forense.<br/>Nuestro objetivo principal ha sido recopilar y revisar diversas fuentes, como libros y publicaciones, para brindar una información completa y actualizada relacionada con esta área. |
| 590 ## - NOTA LOCAL (RLIN) |
| Nota local |
Inventariado, 2024/ YL |
| 700 1# - PUNTO DE ACCESO ADICIONAL--NOMBRE DE PERSONA |
| Nombre de persona |
Sarita Valdez, Sergio |
| Término indicativo de función/relación |
prólogo |
| 9 (RLIN) |
20402 |
| 910 ## - DATOS DE OPCIÓN DEL USUARIO (OCLC) |
| Datos de opción del usuario |
YLockward |
| 942 ## - ELEMENTOS DE PUNTO DE ACCESO ADICIONAL (KOHA) |
| Fuente del sistema de clasificación o colocación |
Dewey Decimal Classification |
| Tipo de ítem Koha |
Libro |